01009nam a22002657a 4500001002100000003000400021005001700025008004100042010004000083010005900123035001900182040001800201050001400219100001500233210001500248245021200263260005400475300005000529650004400579650002500623700002500648700002600673700002600699700001800725FRBNF452388970000008OSt20230609131851.0230609b |||||||| |||| 00| 0 eng d a9781498731546bhardbackbalk. paper a1498731546bhardbackbalk. paperz9781498731553bebook aOCoLC953439754 cKMUdKMUeRDA aSH 390.A2 aBa, Moctar aBoca Raton aCoastal and marine fisheriesbToward a New Vision for the Exploitation and Sustainable Management of Africa's Fishery Resources.cBy Moctar Ba, Abdellatif, Clotilde Bodiguel, Stephen Cunningham & Yunus Mgaya aAbuja, NigeriabNEPAD - Fish for All Summitc2005 aIncludes bibliographical references and index aArtisanal FisheriesbFisheries - Africa aFisheries Management aBerraho, Abdellatif  aBodiguel , Clotilde  aCunningham, Stephen  a Mgaya,Yunus